Nataša Džunková chce spev brať ako koníček Ďalší talent z východu

Bibliographic Details
Main Authors: Džunková, Nataša (Author), Šimková, Katarína (Author)
Format: Article
Language:Slovak
Subjects:

MARC

LEADER 00000nab a2200000 a 4500
001 vtls000904400
003 SK-MaSNL
005 20260302172906.0
008 040720e20000615xo 0 slo
035 |a KE13354 
040 |a KEVKJB  |b slo  |c KEVKJB  |e AACR2 
041 0 |a slo 
044 |a xo  |c SK 
080 |a 784.66  |2 1981 
080 |a 929  |2 1981 
100 1 |a Džunková, Nataša  |4 aut  |9 390481 
245 1 0 |a Nataša Džunková chce spev brať ako koníček  |b Ďalší talent z východu 
590 |a Džunková, Nataša  |b speváčka 
600 1 7 |a Džunková, Nataša  |2 KEVKJB  |9 390481 
611 1 7 |a Talent 2000  |2 KEVKJB  |9 878101 
650 0 7 |a spev  |2 KEVKJB  |9 3420 
650 0 7 |a súťaže  |2 KEVKJB  |9 3301 
650 0 7 |a rozhovory  |2 KEVKJB  |9 453585 
651 7 |a Košice (Slovensko)  |2 KEVKJB  |9 18694 
651 7 |a KE,  |2 KEVKJB  |9 877256 
655 7 |a periodikum  |2 snkbucl  |9 29553 
700 1 0 |a Šimková, Katarína  |4 aut  |9 268339 
773 0 8 |t Korzár  |g Roč. 3, č.137, 15.6.2000, s. 2 
773 0 8 |i Príl.:  |t Ťahák. - Roč. 3, č. 24 (2000) 
852 |a ZVYKNI  |b KIS3GCP 
999 |c 1399998  |d 1401928